000 00237nam a22000857a 4500
008 160718b xxu||||| |||| 00| 0 eng d
100 _93026
_a Dharmapal, G
245 _aTiger Fry and Other Tales
260 _aNew Delhi
_bOrient Publication
_c2004
999 _c2589
_d2589